<?xml version="1.0" encoding="UTF-8"?><?xml-stylesheet type="text/xsl" href="static/style.xsl"?><OAI-PMH xmlns="http://www.openarchives.org/OAI/2.0/" xmlns:xsi="http://www.w3.org/2001/XMLSchema-instance" xsi:schemaLocation="http://www.openarchives.org/OAI/2.0/ http://www.openarchives.org/OAI/2.0/OAI-PMH.xsd"><responseDate>2026-04-17T14:35:19Z</responseDate><request verb="GetRecord" identifier="oai:www.recercat.cat:10459.1/464150" metadataPrefix="marc">https://recercat.cat/oai/request</request><GetRecord><record><header><identifier>oai:recercat.cat:10459.1/464150</identifier><datestamp>2025-09-16T05:04:07Z</datestamp><setSpec>com_2072_3622</setSpec><setSpec>col_2072_478537</setSpec></header><metadata><record xmlns="http://www.loc.gov/MARC21/slim" xmlns:dcterms="http://purl.org/dc/terms/" xmlns:xsi="http://www.w3.org/2001/XMLSchema-instance" xmlns:doc="http://www.lyncode.com/xoai" xsi:schemaLocation="http://www.loc.gov/MARC21/slim http://www.loc.gov/standards/marcxml/schema/MARC21slim.xsd">
   <leader>00925njm 22002777a 4500</leader>
   <datafield ind2=" " ind1=" " tag="042">
      <subfield code="a">dc</subfield>
   </datafield>
   <datafield ind2=" " ind1=" " tag="720">
      <subfield code="a">Ortiz Salvador, Mariona</subfield>
      <subfield code="e">author</subfield>
   </datafield>
   <datafield ind2=" " ind1=" " tag="260">
      <subfield code="c">2023-06</subfield>
   </datafield>
   <datafield ind2=" " ind1=" " tag="520">
      <subfield code="a">Aquest article presenta una lectura del poema XVIII d’Ausiàs March (Fantasiant, amor a mi descobre), inclòs en el cicle Llir entre cards. El poeta hi descriu, amb to teòric i intenció persuasiva, una experiència contemplativa capaç d’inhibir la sensualitat i procurar un delit perdurable, tot fent èmfasi en la singularitat del jo, al qual han estat revelats en exclusiva els secrets de l’amor. Es para atenció al concepte psicològic de la phantasia, clau per a la interpretació del poema, i als versos estramps, que serveixen al poeta per remarcar la seva excepcionalitat.</subfield>
   </datafield>
   <datafield ind2=" " ind1=" " tag="520">
      <subfield code="a">Este artículo presenta una lectura del poema XVIII de Ausiàs March (Fantasiant, amor a mi descobre), incluido en el ciclo Llir entre cards. El poeta describe, con tono teórico e intención persuasiva, una experiencia contemplativa capaz de inhibir la sensualidad y procurar un deleite perdurable, haciendo énfasis en la singularidad del yo, al que han sido revelados en exclusiva los secretos del amor. Se presta atención al concepto psicológico de la phantasia, clave para la interpretación del poema, y a los versos estramps, que sirven al poeta para remarcar su excepcionalidad.</subfield>
   </datafield>
   <datafield ind2=" " ind1=" " tag="520">
      <subfield code="a">This article presents a reading of the poem XVIII by Ausiàs March (Fantasiant, amor a mi descobre), included in the cycle Llir entre cards. The poet describes with a theoretical tone and persuasive intent a contemplative experience capable of inhibiting sensuality and which provides lasting delight, while emphasizing the unique quality of the self, to which the secrets of love have been exclusively revealed. Attention is paid to the psychological concept of phantasia, key to the philosophical interpretation of the poem, and to the estramps verses, which are used by the poet to emphasize his uniqueness.</subfield>
   </datafield>
   <datafield tag="653" ind2=" " ind1=" ">
      <subfield code="a">Ausiàs March</subfield>
   </datafield>
   <datafield tag="653" ind2=" " ind1=" ">
      <subfield code="a">Sensualitat</subfield>
   </datafield>
   <datafield tag="653" ind2=" " ind1=" ">
      <subfield code="a">Poesia catalana del segle XV</subfield>
   </datafield>
   <datafield tag="653" ind2=" " ind1=" ">
      <subfield code="a">Literatura catalana--País Valencià</subfield>
   </datafield>
   <datafield tag="653" ind2=" " ind1=" ">
      <subfield code="a">Poesia catalana--Fins al 1500</subfield>
   </datafield>
   <datafield tag="653" ind2=" " ind1=" ">
      <subfield code="a">Fantasia</subfield>
   </datafield>
   <datafield tag="653" ind2=" " ind1=" ">
      <subfield code="a">Literatura catalana--País Valencià</subfield>
   </datafield>
   <datafield tag="653" ind2=" " ind1=" ">
      <subfield code="a">Sensualitat</subfield>
   </datafield>
   <datafield ind2="0" ind1="0" tag="245">
      <subfield code="a">Ausiàs March: Fantasiant, amor a mi descobre (XVIII) Estudi d’un poema emblemàtic del cicle Llir entre cards</subfield>
   </datafield>
</record></metadata></record></GetRecord></OAI-PMH>